000 01021nam a2200301Ia 4500
001 Para_1553
003 CHAP
008 220125s1986 xx 000 0 und d
010 _a200135
040 _cCHAP
082 _aPA 632.58 F36y
110 _aFAO
_939428
245 _aEcología y control de malezas perennes en América Latina /
_c por FAO
260 _aRoma :
_b La organización
300 _a361 p.
440 _aEstudio FAO producción y protección vegetal; 74
_9165046
500 _aPonencias presentadas al panel de expertos en ecología y control de malezas perennes celebrado en Santiago, Chile, 1983.
650 _aMalas hierbas
_x control
_970011
650 _aMalas hierbas
_x ecología
_970017
710 _aOrganización de las Naciones Unidas para la Agricultura y la Alimentación
_9147757
901 _aPA 632.58 F36Y
902 _aA
905 _a0000001986 i 0000000000 00
910 _a1986
942 _cPARA
942 _cPARA
_d1
999 _c200135
_d200135